| 000 | 01214nam0a22003011 4500 | ||
|---|---|---|---|
| 001 | RU\INFOCOMM_322\NLR\5000244523 | ||
| 005 | 20250613112649.0 | ||
| 035 | _a(NLR Aleph) 009615378 | ||
| 090 |
_a9398475 _c9398475 |
||
| 100 | _a20130319d1968 |||y0rusy50 ca | ||
| 101 | 0 | _aeng | |
| 102 | _aRU | ||
| 105 | _ay z ||||| | ||
| 200 | 1 |
_aHygienic questions in planning residential areas in the USSR and tasks of sanitary control _fA. S. Perotskaya _gUSSR Min. of public health. Central inst. for advanced med. studies. - World health organisation. Inter-regional seminar on health and sanitation aspects of town planning in the USSR |
|
| 210 |
_aM. _d1968 |
||
| 215 |
_a[1], 23 с. _d20 см |
||
| 309 | _aОтпеч. множит. аппаратом | ||
| 620 | _aМосква | ||
| 686 |
_aМе2-185 _2rubbk |
||
| 686 |
_a[Р121.7] _2rubbk |
||
| 700 | 1 |
_9z01790 _aPerockaja _bA. S. |
|
| 712 | 0 | 2 |
_aWorld health organization _bInter-regional travelling seminar on health and sanitation aspects of town planning in the USSR _f1968 _4570 |
| 790 | 1 |
_9z01700 _aPerotskaya _bA. S. _4070 |
|
| 801 | 1 |
_aRU _bInfocomm _c20130319 |
|
| 801 | 0 |
_aRU _bINFOCOMM _gPSBO |
|
| 852 |
_aNLR _jМд97 Д-4/142 |
||
| 942 | _cBOOK | ||
| 980 | _aNB | ||